000 00950nam a22003137a 4500
001 BR7200389
003 BR-BrBNA
005 20230928083758.0
007 ta
008 230509b bl.||||| |||| 00| 0 por d
040 _aBR-BrBNA
_bpor
_cBiblioteca Nacional de Agricultura
041 _a(Por)
072 _aE50; P10
_b/G514
090 _ E50 BR7200389
110 1 _aFomento Estadual de Saneamento Basico, Sao Paulo, SP (Brasil)
_94758
245 1 _aLevantamento das condicoes sanitarias das populacoes urbanas do interior do estado de Sao Paulo [Brasil]
_bSinopse
260 3 _aSao Paulo, SP (Brasil):
_c1972.
300 _a259 p.
500 _aNumerical data
650 _aSociologia rural
650 _aRecurso hidrico
650 _aTratamento da agua
650 _aDistribuicao de agua
650 _aElevacao d'agua
650 _aSaneamento rural
650 _aSao Paulo
909 _a202309
_bLucia
_c55
_dLucia Elande
942 _cBK
999 _c15194
_d15194